00361 a2200109 4500001001000000005001700010008004100027245008400068100002400152773005800176999001700234ART_1802320260410161656.0260409a 10aLos límites a las facultades de la AFIP de fijar regímenes de información1 aFolco, Carlos Maria0 tPráctica profesionalg- Nº 125 (sep. 2010)wREV542 c14748d14748